000 00546nam a2200157 i 4500
001 147792
003 ES-MaACL
005 20230906202246.0
007 t|
008 071005s1906 sp ||||1| spa d
100 1 _aUnzurrunzaga, Antonio de.
_9112039
245 1 0 _aContribución al estudio de los traumatismo en general, especialmente los del cráneo y sus accídentes consecutivos mas frecuentes
_b: menoria /
_cAntonio Unzurrunzaga.
260 _aMadrid :
_bR. Velasco,
_c1906.
300 _a41 p. ;
_c22 cm.
852 _aES-MaACL
_jT-1133-F-8
999 _c147792
_d147792